Responses for show #3197 - Tuesday, June 23, 1998

Contestants

Pat Murphy, a foreign service officer from Arlington, Virginia

Gary Vey, a prosecuting attorney from Lawrenceville, Georgia

P.D. Wadler, a psychotherapist from Chicago, Illinois

Jeopardy! Round responses

BUSINESS & INDUSTRY
CULTURED CELEBRITIES
BARBS FROM THE BARD
A CHOIR OF ANGELS
THE 1970s
FASHION STATEMENTS
    $100 28
Mattel

P.D.
    $100 10
David Duchovny

P.D.
    $100 6
Desdemona

P.D.
    $100 18
"Angel of the Morning"

Gary
    $100 23
Pope John Paul II

Gary
    $100 24
(about a minute to go...)

Hats

Gary
    $200 29
Coca-Cola

Pat
    $200 13
Tony Randall

P.D.
    $200 7
(Pat: Who is Caesar?)

Hamlet

GaryPat
    $200 19
my angel is a centerfold

Gary
    $200 22
United Nations

Pat
    $200 25
On his sleeve

Gary
    $300 14
Sears

P.D.
    $300 16
Sylvester Stallone

Triple Stumper
    $300 5
Kate

Pat
    $300 4
The Heights

Triple Stumper
    $300 1
SALT (Strategic Arms Limitation Talks)

Gary
    $300 17
With their boots on

Pat
    $400 12
Reuters

Pat
    $400 11
Tony Bennett

P.D.
    $500 8
Richard III

Gary
    $400 20
Madonna

P.D.
    $400 2
Roger Bannister

Triple Stumper
    $400 26
Stuffed shirt

Gary
    $500 30
Amtrak

Pat
    $500 15
Meg Tilly

Triple Stumper
    $500 9
Benedick

Triple Stumper
    $500 21
U2

Triple Stumper
    $500 3
England (Louise Brown)

P.D.
    $500 27
Bee in his bonnet

Gary

Scores at the first commercial break (after clue 14):

P.D. Gary Pat
$1,600 $1,000 $500

Scores at the end of the Jeopardy! Round:

P.D. Gary Pat
$2,100 $2,600 $1,700

Double Jeopardy! Round responses

THE BOOK OF REVELATION
(Alex: We're into the Bible.)
LOCUST POTPOURRI
(Alex: There's a category!)
U.S. GEOGRAPHY
"G" MOVIES
PERRY THE PUNDIT
WORD WORDS
    $200 3
Apocalypse

Gary
    $200 1
Wings

Pat
    $200 8
Colorado

P.D.
    $200 16
Grumpier Old Men

P.D.
    $200 27
Pontificating

Triple Stumper
    $200 19
Synonym

P.D.
    $400 4
John

Gary
    $400 2
(Pat: What is the trunk?)

Bark

GaryPat
    $400 12
(P.D.: What is the Okekenokee?)

Okefenokee Swamp

P.D.Gary
    $400 15
Guilty

Gary
    $400 24
(Pat: Who is Cokie Robertson?)

Cokie Roberts

P.D.Pat
    $400 20
You know & like

P.D.
    $600 5
Last

Gary
    $600 28
[The end-of-round signal sounds.]

Dolly Parton

P.D.
    $1,500 13
(G: What is Hartford?)

Bridgeport

Gary
    $600 10
Great Balls of Fire!

Triple Stumper
    $600 11
Political science

Gary
    $600 21
(G: What is lexicon?)

Diction

P.D.Gary
    $800 6
Fire & brimstone

P.D.
    $800 9
Lake Superior

P.D.
    $800 25
Georgy Girl

Pat
    $800 17
The Washington Post

Gary
    $800 22
Lying

P.D.
    $1000 7
Babylon

Gary
    $1000 14
(P.D.: What is Stone Mountain?)
(G: What is Kings Mountain?)

Mount Mitchell

P.D.Gary
Triple Stumper
    $1000 26
Gaslight

P.D.
    $1000 18
(Pat: Who is Tennyson?)

T.S. Eliot

Pat
Triple Stumper
    $2,500 23
(and we have less than a minute to go...)

Cliche

P.D.

Scores at the end of the Double Jeopardy! Round:

P.D. Gary Pat
$9,200 $4,300 $900
(lock game)

[wagering suggestions for these scores]

Final Jeopardy! Round responses

FAMOUS POEMS
PatWhat is Ode to Spring?
$800
GaryWhat is
$2,400
P.D.What is Evangeline?
$0
"Trees" (by Joyce Kilmer)

Final scores:

P.D. Gary Pat
$9,200 $1,900 $100
New champion: $9,200 2nd place: a trip to Gran Hotel Bahia del Duque, Tenerife, Canary Islands 3rd place: a pair of Festina Watches

Game dynamics:

Coryat scores:

P.D. Gary Pat
$7,700 $5,700 $900
20 R
(including 1 DD),
2 W
19 R
(including 1 DD),
3 W
(including 1 DD)
8 R,
4 W

Combined Coryat: $14,300

The J! Archive is created by fans, for fans. The Jeopardy! game show and all elements thereof, including but not limited to copyright and trademark thereto, are the property of Jeopardy Productions, Inc. and are protected under law. This website is not affiliated with, sponsored by, or operated by Jeopardy Productions, Inc. Join the discussion at JBoard.tv.